| 000 | 00759nam a22001577a 4500 | ||
|---|---|---|---|
| 003 | OSt | ||
| 005 | 20151006154837.0 | ||
| 008 | 151006b xxu||||| |||| 00| 0 eng d | ||
| 040 | _cRUA | ||
| 082 | _aAVM KHA 2000 B072 Or.1 | ||
| 100 |
_92200 _aKHAUV, SOLANETH. |
||
| 245 | _aThe effects of artificial in semination on cattle in order to reduce the poverty in Cambodia, ឥទ្ធិពលនៃការបង្កាត់គោដោយសិប្បិនិម្មិត សំដៅកាត់បន្ថយផាពក្រីក្ររបស់ប្រជាកសិករ ក្នុងព្រះរាជាណាចក្រកម្ពុជា | ||
| 260 |
_aPhnom Penh _bRUA _c2000 |
||
| 300 |
_a43p. _bill. _c29cm. |
||
| 942 |
_2ddc _cAVM |
||
| 999 |
_c2072 _d2072 |
||